| 000 | 00348 a2200157 4500 | ||
|---|---|---|---|
| 001 | 56659 | ||
| 020 | _a8526210440 | ||
| 040 | _cAnchieta - Pituba | ||
| 100 | _aLadeira, Julieta de Godoy | ||
| 240 | 1 | 0 |
_aAs mil e uma noites _lpor |
| 245 | 1 | 0 | _aAs mil e uma noites |
| 300 | _a125 | ||
| 362 | 0 | _a1992 | |
| 650 | 4 | _aLiteratura juvenil | |
| 942 | _cBK | ||
| 999 |
_c56659 _d56659 |
||